| 000 | 00349nam a2200133Ia 4500 | ||
|---|---|---|---|
| 005 | 20251222141821.0 | ||
| 008 | 251222s9999||||xx |||||||||||||| ||spa|| | ||
| 020 | _a950-550-281-8 | ||
| 082 | _a372.62/C24 | ||
| 100 | _aCaminos, Miguel Ángel | ||
| 245 | 0 | _aAportes para La Expresión Escrita | |
| 264 | _bMagisterio de Río de la Plata | ||
| 942 | _cLIB | ||
| 999 |
_c6800 _d6800 |
||